| 000 | 00514nam a2200193 a 4500 | ||
|---|---|---|---|
| 001 | 3378 | ||
| 003 | CDMR | ||
| 005 | 20131127180812.0 | ||
| 008 | 130130s1987||||||||||||||||||||||||||||d | ||
| 020 | _a2020095297 | ||
| 040 |
_aCDMR _bcat _cCDMR |
||
| 100 | 1 |
_aKapferer, Jean-Noël _92437 |
|
| 245 | 1 | 0 |
_aRumeurs _b: le plus vieux média du monde _cJean-Nöel Kapferer |
| 260 |
_aParis _c1987 _bSeuil |
||
| 300 | _a317 p. | ||
| 650 | 0 | 4 |
_93901 _aRumor |
| 650 | 0 | 4 |
_93564 _aPeriodisme _xFonts d'informació |
| 942 |
_cMON _2udc |
||
| 999 |
_c3378 _d3378 |
||